The year book of education 1957: education and philosophy

保存先:
書誌詳細
共著者: The University of London. Institute of Education (著者), Teachers College, Columbia University (著者)
フォーマット: 図書
言語:スペイン語
出版事項: Londres Evans Brothers 1957
主題:
タグ: タグ追加
タグなし, このレコードへの初めてのタグを付けませんか!

MARC

LEADER 00000nam a2200000 a 4500
001 UCU1192
003 CL-VaPUC
008 960329e19570000UK |||||||||||||||||spa|d
082 0 4 |a 370.1  |b THE  |2 21 
110 2 |a The University of London. Institute of Education  |e author  |9 356811 
710 2 |a Teachers College, Columbia University  |e author  |9 356812 
245 1 4 |a The year book of education 1957: education and philosophy 
300 |a 578 p 
942 |c BK 
945 |d 19960329 00:00:00  |a paguirre 
260 |a Londres  |b Evans Brothers  |c 1957 
650 0 |a Educación  |9 258661 
650 0 |a Filosofía de la educación   |9 258384 
650 0 |a Política educacional  |9 308011 
650 7 |a EDUCACION COMPARADA  |2 CL-VaPUC  |9 307694 
583 |a last modification  |c 19960329 00:00:00  |k Rodrigo Vera 
999 |c 245901  |d 245899 
952 |0 0  |1 0  |4 0  |6 370_100000000000000_THE_1957  |7 0  |8 P  |9 260530  |a BIBEDU  |b BIBEDU  |c BIBEDU_PB  |d 2019-11-19  |i 2013800  |o 370.1 THE 1957  |p 2013800  |r 2024-01-25  |w 2019-11-19  |y BK  |k EDU